Sports Quiz

Random Sports or Logo Quiz

'A' From Sports Logos Quiz Stats

 Plays Quiz Updated Jun 28, 2019

Score 0/16 Timer 05:00
1 Play Today
Hint Answer % Correct
Los Angeles Lakers
96.9%
Oakland Athletics
93%
Tampa Bay Rays
90.1%
Utah Jazz
85.6%
Dallas Mavericks
85.1%
St. Louis Cardinals
78.7%
Houston Astros
76.3%
Los Angeles Kings
74.9%
Hint Answer % Correct
Orlando Magic
73.6%
Oakland Raiders
70.4%
New York Rangers
64.6%
Miami Marlins
61.4%
New York Islanders
59.8%
Washington Capitals
51.2%
New York Yankees
46.6%
Kansas City Royals
46.6%

You're not logged in!

Compare scores with friends on all Sporcle quizzes.
OR
Log In

Sporcle TV

Today on Sporcle TV


Watch our educational content, quiz creation guides, and fun videos on Sporcle TV.

Show Comments

Extras

Top Quizzes Today


Score Distribution

Your Account Isn't Verified!

In order to create a playlist on Sporcle, you need to verify the email address you used during registration. Go to your Sporcle Settings to finish the process.

Report this User

Report this user for behavior that violates our Community Guidelines.

Details: